000
00317nam a22001457a 4500
008
230907b ||||| |||| 00| 0 eng d
020
_a
0314651756
041
_a
eng
080
_a
34
082
_a
34GLE
100
_a
31
101
_a
JUR
245
_a
COMPARATIVE LEGAL TRADITIONS
_c
GLENDON.A.M
942
_2
udc
_c
BK
999
_c
60293
_d
60293